| 000 | 01413nam0a22003131 4500 | ||
|---|---|---|---|
| 001 | rc\576591 | ||
| 005 | 20260408184559.0 | ||
| 010 |
_a5-225-00015-0 _bв пер. _d95 к. _930000 |
||
| 021 |
_aRU _b88-14866 |
||
| 035 | _a(NLR Aleph) 005824582 | ||
| 090 |
_a5515451 _c5515451 |
||
| 100 | _a20031121d1988 |||y0rusy50 ca | ||
| 101 | 0 | _arus | |
| 102 | _aRU | ||
| 105 | _ay j|||||||| | ||
| 200 | 1 |
_aФармакология _e[учебное пособие _fИ.В. Маркова и др.] _gпод ред. И.В. Марковой, В.Н. Саляева |
|
| 210 |
_aМосква _cМедицина _d1988 |
||
| 215 |
_a271, [1] с. _d22 |
||
| 225 | 1 |
_aУчебная литература _eдля студентов медицинских институтов. Педиатрический факультет |
|
| 606 |
_aФармакология детского возраста _jУчебные издания для высших учебных заведений _3RU\NLR\AUTH\661138960 _91868382 |
||
| 686 | 0 |
_aР28я73-1 _2rubbk |
|
| 701 | 1 |
_4070 _4340 _8rus _7ca _aМаркова _bИ. В. _cд-р мед. наук _gИрина Валерьевна _3RU\NLR\AUTH\7760148 _943079 |
|
| 702 | 1 |
_aСаляев _bВ.Н. _gВладимир Николаевич _4340 |
|
| 801 | 0 |
_aRU _bNLR _gpsbo |
|
| 801 | 1 |
_aRU _bELAR _2rusmarc |
|
| 801 | 2 |
_aRU _bNLR _c20141217 _2rusmarc |
|
| 852 |
_aNLR _j88-5/1683 |
||
| 942 | _cBOOK | ||
| 980 | _aNB | ||